Indikátory výkonnosti podnikovej informatiky v procese rozhodovania o outsourcingu IT

Rozhodovanie o outsourcingu IT pomocou kľúčových ukazovateľov výkonnosti (KPI). Objektom skúmania sú niektoré z kľúčových ukazovateľov výkonnosti v oblasti znižovania výdavkov na podnikovú informatiku. Príspevok si kladie za cieľ byť nápomocným pri rozhodovaní sa o investičnej stratégii IT z hľadisk...

Descripción completa

Guardado en:
Detalles Bibliográficos
Autor principal: Mlynarovič, Vladimír
Formato: Capítulo de libro
Lenguaje:eslovaco
Materias:
Etiquetas: Agregar Etiqueta
Sin Etiquetas, Sea el primero en etiquetar este registro!

MARC

LEADER 00000nla a2200000 4500
001 0213450
005 20240502073546.6
041 0 |a slo 
044 |a SK 
245 1 0 |a Indikátory výkonnosti podnikovej informatiky v procese rozhodovania o outsourcingu IT  |c Vladimír Mlynarovič 
520 |a Rozhodovanie o outsourcingu IT pomocou kľúčových ukazovateľov výkonnosti (KPI). Objektom skúmania sú niektoré z kľúčových ukazovateľov výkonnosti v oblasti znižovania výdavkov na podnikovú informatiku. Príspevok si kladie za cieľ byť nápomocným pri rozhodovaní sa o investičnej stratégii IT z hľadiska spôsobu zabezpečenia IT zdrojov, či už formou insourcingu alebo outsourcingu. 
610 2 0 |a podnik 
610 2 0 |a technológie informačné 
610 2 0 |a outsourcing 
610 2 0 |a ukazovatele výkonnosti 
610 2 0 |a znižovanie nákladov 
100 1 |a Mlynarovič, Vladimír